[Event "zonal 2.3"]
[Site "Xalapa MEX"]
[Date "1999.??.??"]
[Round "?"]
[White "Sequera Paolini, Jose R."]
[Black "Minero Pineda, Sergio"]
[Result "1-0"]
[WhiteElo "2340"]
[BlackElo "2382"]
[EventDate "1999.09.16"]
[PlyCount "129"]

1.e4 e6 2.d4 d5 3.Nd2 Nf6 4.e5 Nfd7 5.c3 c5 6.Bd3 Nc6 7.Ne2 cxd4 8.cxd4 f6
9.exf6 Nxf6 10.Nf3 Bd6 11.b3 O-O 12.Bb2 Bd7 13.O-O Qc7 14.Ng3 Rae8 15.Rc1 
Qb8 16.a3 e5 17.dxe5 Nxe5 18.Nxe5 Bxe5 19.Bxe5 Qxe5 20.Qd2 Kh8 21.Qc3 Qf4 
22.Ne2 Qg5 23.Qd4 a6 24.Ng3 Rc8 25.Qb4 Qxc1 26.Qxf8+ Rxf8 27.Rxc1 Rc8 28.
Rxc8+ Bxc8 29.f3 Kg8 30.Nf5 Bxf5 31.Bxf5 b6 32.Kf2 Kf7 33.Ke3 Ke7 34.Kd4 
Kd6 35.f4 h6 36.Bd3 a5 37.Be2 Ng8 38.g4 Ne7 39.Bb5 Ng6 40.Ke3 Kc5 41.Bd3 
Ne7 42.f5 Nc6 43.h4 Ne5 44.Be2 Nf7 45.Bd1 Nd6 46.Kf4 Nf7 47.f6 g5+ 48.hxg5
Nxg5 49.Kf5 Kd6 50.Bc2 d4 51.Kg6 Ke6 52.Bf5+ Ke5 53.Bd3 Kf4 54.Be2 Ke3 55.
Bc4 Kf4 56.Be2 Ke3 57.Bc4 Kf4 58.Kh5 Nh7 59.f7 Nf8 60.Kxh6 b5 61.Bxb5 Kxg4
62.Kg7 Ne6+ 63.Kg8 Kg5 64.Bc4 d3 65.Bxd3 1-0